Current technology developments of WiMax systems (E-BOOK) (Record no. 213254)

000 -LEADER
fixed length control field 01373 a2200253 4500
003 - CONTROL NUMBER IDENTIFIER
control field Nust
005 - DATE AND TIME OF LATEST TRANSACTION
control field 20170207165830.0
020 ## - INTERNATIONAL STANDARD BOOK NUMBER
International Standard Book Number 1402092997 (inb.)
020 ## - INTERNATIONAL STANDARD BOOK NUMBER
International Standard Book Number 1402093004 (ebook)
020 ## - INTERNATIONAL STANDARD BOOK NUMBER
International Standard Book Number 9781402092992 (inb.)
020 ## - INTERNATIONAL STANDARD BOOK NUMBER
International Standard Book Number 9781402093005 (ebook)
040 ## - CATALOGING SOURCE
Transcribing agency Nust
082 04 - DEWEY DECIMAL CLASSIFICATION NUMBER
Classification number 621.384
100 ## - MAIN ENTRY--PERSONAL NAME
Personal name Maode Ma,
245 00 - TITLE STATEMENT
Title Current technology developments of WiMax systems (E-BOOK)
Statement of responsibility, etc. Maode Ma,
260 ## - PUBLICATION, DISTRIBUTION, ETC.
Place of publication, distribution, etc. [Dordrecht?] :
Name of publisher, distributor, etc. Springer,
Date of publication, distribution, etc. c2009.
300 ## - PHYSICAL DESCRIPTION
Extent xvi, 300 s. :
Other physical details ill. ;
Dimensions 25 cm.
505 ## - FORMATTED CONTENTS NOTE
Formatted contents note Deployment and Design of Multi-Antenna WiMax Systems in a Non-Stationary Interference Environment (Page-1) Dynamic Bandwidth Allocation for 802.16E-2005 MAC (Page-17) Scheduling Techniques forWiMax (Page-61) QoS Provision Mechanisms inWiMax (Page-85) MobileWiMax Performance Optimization (Page-115) An Improved Fast Base Station Switching for IEEE 802.16e with Reuse Partitioning (Page-161) Addressing Multiservice Classes and Hybrid Architecture in WiMax Networks (Page-183) Game Theory Modeling of Social Psychology Principle for Reliable Multicast Services inWiMax Networks (Page-251) IEEE 802.16: Enhanced Modes of Operation and Integration with Wired MANs (Page-265)
650 #0 - SUBJECT ADDED ENTRY--TOPICAL TERM
Topical term or geographic name entry element Bredbandskommunikation
650 #0 - SUBJECT ADDED ENTRY--TOPICAL TERM
Topical term or geographic name entry element Wireless communication systems
650 #0 - SUBJECT ADDED ENTRY--TOPICAL TERM
Topical term or geographic name entry element Wireless metropolitan area networks.
651 ## - SUBJECT ADDED ENTRY--GEOGRAPHIC NAME
Geographic name E-Book
700 1# - ADDED ENTRY--PERSONAL NAME
Personal name Ma, Maode
942 ## - ADDED ENTRY ELEMENTS (KOHA)
Source of classification or shelving scheme
Koha item type Book
Holdings
Withdrawn status Lost status Source of classification or shelving scheme Damaged status Not for loan Collection code Permanent Location Current Location Date acquired Total Checkouts Full call number Barcode Date last seen Price effective from Koha item type
            Military College of Signals (MCS) Military College of Signals (MCS) 12/12/2016   621.384 MAO MCSEB-3290 12/08/2016 12/12/2016 Book
© 2023 Central Library, National University of Sciences and Technology. All Rights Reserved.